00481nam a22001697a 4500003000400000008004100004082001700045100002500062245010600087260003900193300001000232502001700242650001300259650001700272650001100289650001100300OSt260504b |||||||| |||| 00| 0 eng d a633.15bS48S aSinha, Krishna Kant. aStudies on Agronomic Management of Winter Maize-Based Intercropping Systems / cby Krishna Kant Sinha a.- Pusa, Samastipurb: RAUc, 1994 a397p. bPh. D.d1994 aAgronomy aWinter Maize aThesis aPh. D.